Guess the SoundCloud rapper by song - Statistics

General Stats
  • This quiz has been taken 78 times
  • The average score is 18 of 36
Answer Stats
Song Rapper % Correct
Look at Me! XXXTENTACION
94%
Gucci Gang Lil Pump
88%
Murder On My Mind YNW Melly
85%
Lucid Dreams Juice WRLD
82%
Magnolia Playboi Carti
82%
GUMMO 6ix9ine
81%
Ransom Lil Tecca
81%
Money Longer Lil Uzi Vert
76%
Star Shopping Lil Peep
73%
One Night Lil Yachty
67%
Love Scars Trippie Redd
64%
White Iverson Post Malone
63%
Lust Lil Skies
60%
The Race Tay-K
60%
Drowning A Boogie wit da Hoodie
55%
Catch Me Outside Ski Mask The Slump God
55%
Ultimate Denzel Curry
54%
No Flockin Kodak Black
54%
Betrayed Lil Xan
52%
No Heart 21 Savage
49%
Make No Sense YoungBoy Never Broke Again
46%
Plug Walk Rich The Kid
45%
Audi. Smokepurpp
40%
Kyoto Yung Lean
36%
Broccoli D.R.A.M.
34%
Japan Famous Dex
34%
Rubbin Off The Paint YBN Nahmir
31%
Chill Bill Rob $tone
28%
Paris $uicideboy$
28%
Caroline Aminé
25%
Water Ugly God
19%
Walk Comethazine
18%
Uber Everywhere MadeinTYO
18%
More Than Ever LUCKI
13%
Myself NAV
10%
Smack a Bitch Rico Nasty
9%
No matching quizzes found
Score Distribution
Percent of People with Each Score
Percentile by Number Answered
Your Score History
You have not taken this quiz